Trade and globalization; Europeans, Americans and Indians in the Bay of Bengal (1511-1819) (Record no. 11090)

000 -LEADER
fixed length control field 00334nam a2200109Ia 4500
008 - FIXED-LENGTH DATA ELEMENTS--GENERAL INFORMATION
fixed length control field 210107s9999 xx 000 0 und d
100 ## - MAIN ENTRY--PERSONAL NAME
Personal name Stephen, S.Jeyaseela
245 #0 - TITLE STATEMENT
Title Trade and globalization; Europeans, Americans and Indians in the Bay of Bengal (1511-1819)
260 ## - PUBLICATION, DISTRIBUTION, ETC.
Place of publication, distribution, etc. Jaipur
Name of publisher, distributor, etc. Rawat Publications
300 ## - PHYSICAL DESCRIPTION
Extent ed.
942 ## - ADDED ENTRY ELEMENTS (KOHA)
Koha item type Books
Holdings
Withdrawn status Lost status Damaged status Not for loan Permanent Location Date acquired Full call number Barcode Date last seen Price effective from Koha item type
        IMU Kolkata 2021-01-07 382.91 S828 PM06860 2021-01-07 2021-01-07 Books
Designed and Maintained by IMU-KC Library, Kolkata Campus © Copyright All Rights Reserved

webs counters

Powered by Koha